| 000 | 00632nam a2200217 a 4500 | ||
|---|---|---|---|
| 001 | BRCA_6336 | ||
| 005 | 20190320205422.0 | ||
| 008 | 120811s1921----gw-#######---#000-0#ger-# | ||
| 041 | _ager | ||
| 044 | _agw | ||
| 050 | 4 |
_aD531 _b.B28 1921 |
|
| 100 | 1 |
_aBauer, Max _d1869-1929 _915889 |
|
| 245 | 1 | 0 |
_aDer groke Krieg in Feld und Heimat _berinnerungen und betrachtungen _cvon oberst Bauer. |
| 260 |
_aTubinga _bOsiander _c1921 |
||
| 300 |
_axv, 323 p. _c24 cm. |
||
| 500 | _aK74 | ||
| 650 | 1 | 4 |
_aGuerra mundial, 1914-1918 _zAlemania _915890 |
| 650 | 1 | 4 |
_aGuerra mundial, 1914-1918 _xCampaƱas _915891 |
| 902 | _aGFM | ||
| 942 |
_2lcc _cB |
||
| 999 |
_c6022 _d6022 |
||